000 00278nam a2200121Ia 4500
008 190216s9999||||xx |||||||||||||| ||und||
100 _aSudeesh V R
245 0 _aKathaparayum Kathamaman
260 _bPoorna Pubs Kozhikode
300 _a119
650 _aKathakal
942 _cBK
999 _c28153
_d28153